| 000 | 00675nam a2200217 a 4500 | ||
|---|---|---|---|
| 001 | 000035084 | ||
| 005 | 20200930074107.0 | ||
| 008 | 111025s1973 mx 000 0 spa d | ||
| 040 |
_aDO-SdBNP _bspa _cBNPHU |
||
| 082 |
_a823.912 _bH913a, 1973 |
||
| 100 | 1 |
_aHull, E. M. _960742 |
|
| 240 | 1 | 0 |
_aThe sheik _lespañol |
| 245 | 1 | 3 |
_aEl arabe / _cE. M. Hull. |
| 250 | _a2ª. ed. | ||
| 260 |
_aMéxico, D.F. : _bEpoca, _c1973. |
||
| 590 | _aPerteneció a la biblioteca personal de Juan Isidro Jimenes Grullón | ||
| 650 | 4 |
_aNovela inglesa _91071 |
|
| 650 | 4 |
_aLiteratura inglesa _9498 |
|
| 650 | 4 |
_aOriente en la literatura _960743 |
|
| 910 | _aValidado. Control de calidad MFF | ||
| 999 |
_c34575 _d34575 |
||